| 000 | 00345nam a22001217a 4500 | ||
|---|---|---|---|
| 005 | 20250918144221.0 | ||
| 020 | _a9783031469497 | ||
| 082 | _a306.209 54 PUR/S | ||
| 245 |
_aSocial movements, _b media and civil society in contemporay India |
||
| 260 |
_a. - Palgraave Mcmillan _b: Singapore _c, 2024 |
||
| 300 | _axiii+203 pages | ||
| 942 |
_2ddc _cBK |
||
| 999 |
_c751522 _d751522 |
||